000 00507nam a2200181Ia 4500
008 131103s9999 xx 000 0 und d
040 _aLoreto College
041 _aEnglish
082 _a920/SAS
_bLCLIB/15032
245 _aLal Bahadur Shastri
_b vyakti aur vichar
_cedited by Sailendra Kumar Pathak
260 _aDelhi
_bS.Chandra and Co.
_c1956
300 _a74 p.
_c 19 cm.
630 _aIndia - Biography
650 _aShastri,Lal Bahadur
651 _aBiography
850 _aLCLIB
942 _cBK
999 _c13904
_d64383